| 000 | 00563nam a2200181 i 4500 | ||
|---|---|---|---|
| 001 | 102343 | ||
| 003 | ES-MaACL | ||
| 005 | 20230906183105.0 | ||
| 007 | t| | ||
| 008 | 051108s1973 sp af |||| | spa d | ||
| 100 | 1 |
_aMenicanti, Hugo. _980362 |
|
| 245 | 1 | 3 |
_aLa equitación en 10 lecciones / _cHugo Menicanti ; [traducción revisada por D.A.Ll. Zorrilla]. |
| 260 |
_aBarcelona : _bDe Vecchi, _c1973. |
||
| 300 |
_a189 p., 16 lám. : _bil. ; _c24 cm. |
||
| 650 | 4 |
_aEquitación. _9136007 |
|
| 700 | 1 |
_aZorrilla, D. A. Ll. _9118353 |
|
| 852 |
_aES-MaACL _jC-56255 |
||
| 999 |
_c102343 _d102343 |
||